Detalles MARC
| 000 -CABECERA |
| campo de control de longitud fija |
00948nam a2200217 a 4500 |
| 001 - NÚMERO DE CONTROL |
| campo de control |
000040605 |
| 005 - FECHA Y HORA DE LA ÚLTIMA TRANSACCIÓN |
| campo de control |
20201002034239.0 |
| 008 - DATOS DE LONGITUD FIJA--INFORMACIÓN GENERAL |
| campo de control de longitud fija |
130903s2001 dr 000 0 spa d |
| 040 ## - FUENTE DE LA CATALOGACIÓN |
| Centro catalogador/agencia de origen |
DO-SdBNP |
| Lengua de catalogación |
spa |
| Centro/agencia transcriptor |
BNPHU |
| 245 00 - MENCIÓN DE TÍTULO |
| Título |
Glosario de educación superior, ciencia y tecnología : |
| Resto del título |
proyecto / |
| Mención de responsabilidad, etc. |
compilación Rafael Emilio Bello, Gladys Almonte. |
| 250 ## - MENCIÓN DE EDICIÓN |
| Mención de edición |
3a. ed. |
| 260 ## - PUBLICACIÓN, DISTRIBUCIÓN, ETC. |
| Lugar de publicación, distribución, etc. |
Santo Domingo : |
| Nombre del editor, distribuidor, etc. |
SEESCTT, |
| Fecha de publicación, distribución, etc. |
2001. |
| 300 ## - DESCRIPCIÓN FÍSICA |
| Extensión |
178 p. ; |
| Dimensiones |
21 cm. |
| 490 1# - MENCIÓN DE SERIE |
| Mención de serie |
Publicación de la Secretaría de Estado de Educación Superior |
| Designación de volumen o secuencia |
4 |
| 490 1# - MENCIÓN DE SERIE |
| Mención de serie |
Publicación de la Secretaría de Estado de Educación Superior |
| Designación de volumen o secuencia |
4 |
| 504 ## - NOTA DE BIBLIOGRAFÍA, ETC. |
| Nota de bibliografía, etc. |
Bibliografía : p. 177-178 |
| 700 1# - PUNTO DE ACCESO ADICIONAL--NOMBRE DE PERSONA |
| Nombre de persona |
Emilio Bello, Rafael |
| Término indicativo de función/relación |
comp. |
| 9 (RLIN) |
66942 |
| 700 1# - PUNTO DE ACCESO ADICIONAL--NOMBRE DE PERSONA |
| Nombre de persona |
Amonte, Gladys |
| Término indicativo de función/relación |
comp. |
| 9 (RLIN) |
66943 |
| 710 2# - PUNTO DE ACCESO ADICIONAL--NOMBRE DE ENTIDAD CORPORATIVA |
| Nombre de entidad corporativa o nombre de jurisdicción como elemento de entrada |
Secretaría de Estado de Educación Superior, Ciencia y Tecnología (República Dominicana) |
| 9 (RLIN) |
66944 |
| 830 #0 - PUNTO DE ACCESO ADICIONAL DE SERIE-TÍTULO UNIFORME |
| Título uniforme |
Publicación de la Secretaría de Estado de Educación Superior |
| Designación de volumen o secuencia |
4 |
| 9 (RLIN) |
66945 |